000
00238nam a2200097Ia 4500
005
20251222154432.0
008
251222s9999||||xx |||||||||||||| ||spa||
082
_a
011.75/U61/2006
245
0
_a
Resúmenes de tesis de postgrado
942
_c
LIB
999
_c
36471
_d
36471